000 00692cam a22002173a 4500
001 41200
003 PGUSA
005 20140828083928.0
008 121027s2012||||xxu|||||s|||||000 | eng d
040 _aPGUSA
_beng
042 _adc
100 1 _aQuiros, Pedro Fernandez de
245 1 4 _aThe Voyages of Pedro Fernandez de Quiros :
_b1595 to 1606
_h[electronic resource] /
_cPedro Fernandez de Quiros
260 _bProject Gutenberg,
_c2012
506 _aPublic domain in the USA.
516 _aElectronic text
700 1 _aMarkham, Clements R.,
_cSir
_q(Clements Robert),
_d1830-1916
830 0 _aProject Gutenberg
_v41200
856 4 0 _uhttp://www.gutenberg.org/ebooks/41200
942 _cEB
999 _c270452
_d270452